000 00603nam a2200193 a 4500
005 20210223124608.0
008 020417s1994 es r 000 0 spa d
020 _a8486368960
035 _aUPN01000116917
049 _aCG
050 4 _aLC3993
_bI6.7
245 0 0 _aIntervención e investigación psicoeducativas en alumnos superdotados /
_ccoord. Yolanda Benito Mate.
260 _aSalamanca, Esp. :
_bAmarú,
_c[1994].
300 _a302 p.
440 0 _aCC de la educación
650 4 _aNIÑOS SUPERDOTADOS -
_xEDUCACION
_919035
700 1 _aBenito Mate, Yolanda,
_ecoord.
_932045
905 _aLibro
999 _c89559
_d89559